Možnosti průmyslového inženýrství
Snaha podnikov udržať sa na globálnom trhu. Základné znaky globálneho trhu. Charakteristika priemyselného inžinierstva. Metódy a nástroje priemyselného inžinierstva. Využitie metód priemyselného inžinierstva v projektoch na zvýšenie výkonnosti.
Salvato in:
| Autore principale: | |
|---|---|
| Natura: | Capitolo di libro |
| Lingua: | ceco |
| Soggetti: | |
| Tags: |
Nessun Tag, puoi essere il primo ad aggiungerne!!
|
MARC
| LEADER | 00000naa$a2200000$$$4500 | ||
|---|---|---|---|
| 001 | 0048382 | ||
| 005 | 20231106123433.3 | ||
| 041 | 0 | |a cze | |
| 044 | |a CZ | ||
| 245 | 1 | 0 | |a Možnosti průmyslového inženýrství |c Leoš Andrýsek |
| 520 | |a Snaha podnikov udržať sa na globálnom trhu. Základné znaky globálneho trhu. Charakteristika priemyselného inžinierstva. Metódy a nástroje priemyselného inžinierstva. Využitie metód priemyselného inžinierstva v projektoch na zvýšenie výkonnosti. | ||
| 610 | 2 | 0 | |a firmy |
| 610 | 2 | 0 | |a produktivita |
| 610 | 2 | 0 | |a náklady |
| 610 | 2 | 0 | |a kvalita |
| 610 | 2 | 0 | |a riadenie |
| 610 | 2 | 0 | |a projekty |
| 610 | 2 | 0 | |a inžinierstvo priemyselné |
| 100 | 1 | |a Andrýsek, Leoš | |